LEADER 01108nam a2200277 i 4500 001 000000154545 003 CaOOAMICUS 005 20061019000000.0 008 061019s1968 it u000 u mul u 013 $a131891 040 $aSeMil$bita 100 1 $aHardy, Thomas,$d<1840-1928>.$0(OLS)http://semarc/name/6909 245 10$aPoesie /$cThomas Hardy ; a cura di G. Singh ; prefazione di Eugenio Montale. 260 $aParma :$bGuanda,$ccopyr. 1968. 300 $aXXXVIII, 273 p. ;$c23 cm. 490 0 $aFenice. Sezione Poeti 500 $aContiene : Bibliografia. - Testo inglese a fronte. - Fondo Ciprandi. 700 1 $aMontale, Eugenio,$d<1896-1981>.$0(OLS)http://semarc/name/7222 700 1 $aSingh, G.$0(OLS)http://semarc/name/60457 830 0$aFenice. Sezione Poeti.$0(OLS)http://semarc/title/21986 850 $aSeMil 852 $aSeMil$W1$xVenegono$y1$m1W VI 254$j106403$B106403$CSeMilBibl$Z2$F115641 $81 941 1 $a1 961 $aOmaggio: Ciprandi dott. Paolo 996 $6245$aPoesie$9(OLS)http://semarc/title/2285 996 $6260$aParma :$bGuanda$9(OLS)http://semarc/publisher/31392 LEADER 01294nam a2200277 i 4500 001 000000129406 003 CaOOAMICUS 005 20060829000000.0 008 060829s2004 fr u000 u fre u 013 $a102139 020 $a2-85021-157-6 040 $aSeMil$bita 100 1 $aFricker, Denis.$0(OLS)http://semarc/name/53689 245 10$aQuand Jésus parle au masculin-féminin :$bétude contextuelle et exégétique d'une forme littéraire originale /$cpar Denis Fricker. 260 $aParis :$bGabalda,$c2004. 300 $a437 p. ;$c24 cm. 490 0 $aÉtudes bibliques. Nouvelle série [Lecoffre] ;$v53 500 $aContiene : Bibliographie. 650 4$aBibbia - NT - Maschile-Femminile.$0(OLS)http://semarc/subject/25566 830 0$aÉtudes bibliques. Nouvelle série [Gabalda ; Peeters] ;$v53.$0(OLS)http://semarc/title/275 850 $aSeMil 852 $aSeMil$W1$xVenegono$y1$m2Y IV 197$j83522$B83522$CSeMilBibl$Z2$F86726 $81 961 $aSottoscrizione: Gabalda 996 $6020$a2-85021-157-6$9(OLS)http://semarc/number/116161 996 $6245$aQuand Jésus parle au masculin-féminin :$bétude contextuelle et exégétique d'une forme littéraire originale$9(OLS)http://semarc/title/191075 996 $6260$aParis :$bGabalda$9(OLS)http://semarc/publisher/29624